Behavioural Sciences for Managers (Record no. 481781)

MARC details
000 -LEADER
fixed length control field 00719nam a2200229Ia 4500
008 - FIXED-LENGTH DATA ELEMENTS--GENERAL INFORMATION
fixed length control field 100315s9999 xx 000 0 und d
020 ## - INTERNATIONAL STANDARD BOOK NUMBER
International Standard Book Number 071313383X 
040 ## - CATALOGING SOURCE
Transcribing agency ENGLISH 
082 ## - DEWEY DECIMAL CLASSIFICATION NUMBER
Item number 7046 
Classification number 658.4 
100 ## - MAIN ENTRY--PERSONAL NAME
Personal name "Boot, R.L., Cowling, A.G., Stanworth, M.J.K. "
245 ## - TITLE STATEMENT
Title Behavioural Sciences for Managers
260 ## - PUBLICATION, DISTRIBUTION, ETC. (IMPRINT)
Place of publication, distribution, etc London 
Name of publisher, distributor, etc EDWARD ARNOLD  
Date of publication, distribution, etc 1977 
300 ## - PHYSICAL DESCRIPTION
Extent 232 
365 ## - TRADE PRICE
Price note Rupees 
Unit of pricing
Price amount 0.00 
366 ## - TRADE AVAILABILITY INFORMATION
Publishers' discount category
505 ## - FORMATTED CONTENTS NOTE
Miscellaneous information Ramakant Amar Navghare 
620 ## -
-- "Behavioural sciences, Social sciences, Management. "
630 ## - SUBJECT ADDED ENTRY--UNIFORM TITLE
Uniform title Behavioural Sciences for Managers
650 ## - SUBJECT ADDED ENTRY--TOPICAL TERM
Topical term or geographic name as entry element Organizational Behaviour 
730 ## - ADDED ENTRY--UNIFORM TITLE
Uniform title Behavioural Sciences for Managers
942 ## - ADDED ENTRY ELEMENTS (KOHA)
Koha item type Book
Holdings
Withdrawn status Lost status Damaged status Not for loan Home library Current library Date acquired Cost, normal purchase price Total Checkouts Full call number Barcode Date last seen Price effective from Koha item type
        Dr. V. N. Bedekar Institute of Management Studies Library Dr. V. N. Bedekar Institute of Management Studies Library 03/06/2009 0.00   658.4 /BOO/COW  7046  VPMBRIMS-7046  03/19/2010 03/19/2010 Book